Brazilian players in European Big Five (2000-) - Statistics

General Stats
  • This quiz has been taken 106 times
  • The average score is 181 of 691
Answer Stats
Ranking Player Positions Nationality Matches Goals (assists) Periods Clubs % Correct
6 Roberto Firmino MF, FW 396 120 (74) 2010-2023
95%
4 Thiago Silva DF 410 22 (7) 2009-2024
95%
2 Dani Alves DF, MF 502 30 (113) 2002-2018, 2021-2022
93%
7 Marcelo DF, MF 386 26 (57) 2006-2022
93%
80 Marcelo DF 209 9 (2) 2013-2015, 2017-2022
93%
122 Antônio da Silva MF 168 14 (28) 2004-2008, 2010-2012
89%
263 Marquinho DF, MF 78 9 (3) 2011-2013, 2015-2016
89%
496 Alex Silva DF 17 0 (1) 2008-2009
88%
327 Anderson Silva MF 54 2 (1) 2003-2007
88%
115 Gabriel Silva DF, MF 172 3 (10) 2011-2022
88%
119 Gilberto Silva DF, MF 170 17 (11) 2002-2008
88%
537 Matheus Pereira da Silva MF, FW 13 0 (0) 2018-2020
88%
152 Mauro Silva MF 137 0 (4) 2000-2005
88%
363 Rafael da Silva DF 41 2 (1) 2004-2006
88%
688 Victor da Silva MF 1 0 (0) 2012-2013
88%
224 Vragel da Silva DF 100 8 (0) 2001-2002, 2006-2009
88%
45 André Luiz DF 253 20 (5) 2005-2013
86%
153 Caio Henrique Oliveira Silva DF 136 3 (32) 2020-2025
86%
3 Dante DF 474 19 (10) 2003-2005, 2008-2025
86%
38 David Luiz DF, MF 269 17 (9) 2010-2021
86%
61 Douglas Luiz MF 232 20 (18) 2017-2025
86%
469 Everton Luiz MF 21 0 (0) 2017-2019
86%
415 Lucas Silva MF 30 0 (0) 2014-2016
86%
14 Philippe Coutinho MF, FW 336 80 (56) 2010-2024
86%
453 Sandro Silva MF 24 0 (1) 2010-2011
86%
405 Wellington Silva MF, FW 32 0 (3) 2010-2011, 2014-2015
86%
30 Ederson GK 276 0 (7) 2017-2025
85%
82 Ederson MF 207 30 (18) 2004-2015
85%
176 Éderson MF 123 13 (4) 2021-2025
85%
9 Filipe Luís DF 366 15 (25) 2006-2019
85%
21 Kaká MF, FW 308 100 (71) 2003-2014
85%
478 Kaká DF 20 0 (0) 2008-2009, 2012-2013
85%
59 Neymar MF, FW 235 150 (83) 2013-2023
85%
354 Afonso Alves MF, FW 42 10 (2) 2007-2009
84%
41 Alisson GK 266 1 (3) 2017-2025
84%
24 Casemiro MF 299 30 (21) 2012-2013, 2015-2025
84%
40 Diego Alves GK 269 0 (0) 2007-2017
84%
31 Ronaldinho MF, FW 276 107 (74) 2001-2011
84%
289 Alex Alves FW 66 21 (11) 2000-2003
83%
256 Caio Alves MF 80 8 (2) 2007-2011
83%
55 Diego Carlos DF 239 10 (1) 2016-2025
83%
17 Fabinho DF, MF 319 31 (17) 2012-2023
83%
372 Fabinho MF 39 6 (0) 2006-2008
83%
36 Fernandinho DF, MF 270 20 (19) 2013-2022
83%
66 Roberto Carlos DF 228 31 (37) 2000-2007
83%
333 Victor Sá MF, FW 53 3 (3) 2019-2021
83%
16 Willian MF, FW 327 47 (45) 2013-2020, 2022-2025
83%
365 Antônio Carlos DF 40 0 (2) 2000-2002
81%
475 Antônio Carlos DF 20 1 (0) 2005-2006
81%
281 Carlos Vinícius MF, FW 69 10 (3) 2018-2019, 2020-2021, 2022-2025
81%
13 Marquinhos DF, MF 338 26 (7) 2012-2025
81%
576 Marquinhos MF, FW 8 0 (0) 2022-2024
81%
676 Jean Carlos DF 1 0 (0) 2004-2005
80%
116 Rodrygo MF, FW 172 32 (28) 2019-2025
80%
135 Ronaldo FW 157 99 (22) 2001-2008
80%
343 FW 48 6 (4) 2008-2011
79%
10 Rafinha DF 366 14 (33) 2005-2019
79%
106 Rafinha MF, FW 179 19 (14) 2013-2022
79%
157 Douglas Costa MF, FW 134 15 (30) 2015-2021
78%
65 Gabriel Jesus FW 229 76 (40) 2016-2025
78%
294 Gabriel MF 63 10 (4) 2016-2018
76%
349 Gabriel GK 45 0 (0) 2013-2014, 2015-2016, 2019-2020
76%
502 Gabriel DF, MF 17 0 (0) 2005-2006
76%
62 Danilo DF, MF 231 15 (20) 2015-2025
75%
336 Danilo MF, FW 50 5 (4) 2022-2025
75%
150 Fred MF 139 8 (7) 2018-2023
75%
247 Fred FW 87 34 (11) 2005-2009
75%
43 Juan Jesus DF 256 5 (2) 2011-2025
75%
22 Lucas Moura MF, FW 305 54 (45) 2012-2023
75%
94 Raphinha MF, FW 193 54 (42) 2019-2025
75%
163 Oscar MF, FW 131 21 (19) 2012-2017
74%
53 Richarlison MF, FW 243 64 (24) 2017-2025
73%
64 Alex Sandro DF, MF 230 14 (18) 2015-2024
71%
108 Eduardo Costa MF 178 5 (6) 2001-2006, 2009-2010
71%
630 João Costa MF, FW 3 0 (0) 2023-2024
71%
259 Paulinho MF 79 15 (5) 2013-2014, 2017-2018
71%
278 Paulinho FW 70 17 (4) 2004-2006, 2013-2014
71%
317 Paulinho MF, FW 57 8 (3) 2018-2023
71%
655 Rafael Moura FW 2 0 (0) 2007-2008
71%
49 Robinho MF, FW 250 64 (41) 2005-2014
71%
323 Rodrigo Costa DF 56 2 (0) 2002-2004
71%
126 Gabriel Martinelli MF, FW 161 40 (20) 2019-2025
70%
92 Lucas Paquetá MF, FW 196 31 (22) 2018-2025
70%
190 Sonny Anderson FW 116 61 (11) 2000-2005
69%
196 Anderson MF 112 5 (6) 2007-2015
68%
540 Anderson DF 12 1 (0) 2007-2008
68%
642 Anderson DF, MF 2 0 (0) 2002-2003, 2005-2006
68%
19 Felipe Anderson MF, FW 314 55 (49) 2013-2024
68%
5 Lucas Leiva MF 402 3 (19) 2007-2022
68%
11 Naldo DF 365 46 (13) 2005-2009, 2011-2019
66%
232 Naldo DF 96 1 (2) 2012-2014, 2017-2020
66%
245 João Pedro MF, FW 89 22 (10) 2019-2020, 2021-2022, 2023-2025
65%
141 Sandro MF 149 5 (3) 2010-2015, 2017-2019
65%
29 Zé Roberto DF, MF 277 27 (73) 2000-2005, 2007-2011
65%
641 Zé Roberto MF 3 1 (0) 2007-2008
65%
103 Bruno Guimarães MF 180 24 (24) 2019-2025
64%
15 Lúcio DF 333 25 (10) 2000-2013
64%
563 Lúcio DF, MF 10 1 (1) 2007-2009
64%
265 Rivaldo MF, FW 77 36 (17) 2000-2003
64%
89 Cafú DF 203 5 (25) 2000-2008
61%
182 Éder Militão DF 118 8 (3) 2019-2025
61%
463 Endrick FW 22 1 (0) 2024-2025
61%
466 Jonathan Cafu DF, MF, FW 22 2 (1) 2017-2018, 2019-2020
61%
623 Pedro FW 4 0 (0) 2019-2020
61%
85 Vinicius Júnior MF, FW 206 61 (36) 2018-2025
61%
120 Gleison Bremer DF 170 18 (3) 2018-2025
59%
74 Joelinton MF, FW 214 29 (15) 2015-2016, 2018-2025
59%
93 Matheus Cunha MF, FW 196 49 (25) 2018-2025
59%
90 Alex DF 202 17 (4) 2007-2016
58%
20 Luiz Gustavo DF, MF 312 22 (10) 2008-2020
58%
68 Emerson MF 227 18 (17) 2000-2009
56%
114 Emerson DF, MF 172 8 (12) 2018-2025
56%
233 Emerson DF 95 0 (2) 2006-2010, 2013-2014
56%
273 Emerson MF 72 2 (5) 2000-2003
56%
407 Emerson DF, MF 31 2 (0) 2013-2014
56%
204 Felipe DF 108 3 (2) 2019-2024
56%
348 Felipe DF 46 3 (0) 2012-2013, 2014-2015, 2017-2019
56%
101 Fernando DF, MF 183 10 (11) 2014-2016, 2019-2024
56%
390 Fernando MF 35 4 (2) 2015-2016
56%
588 Joãozinho Neto FW 7 2 (1) 2002-2003
56%
47 Júlio César GK 252 0 (0) 2005-2013
56%
330 Júlio César DF 53 2 (0) 2000-2001, 2003-2005
56%
470 Júlio César GK 21 0 (0) 2011-2012, 2013-2014
56%
71 Neto GK 223 0 (0) 2011-2025
56%
132 Ramires MF 159 17 (8) 2010-2016
56%
84 Dida GK 206 0 (0) 2000-2001, 2002-2010
55%
448 Gustavo DF 24 0 (0) 2010-2011
55%
28 Maxwell DF 281 14 (23) 2006-2017
55%
151 Arthur Melo MF 138 6 (7) 2018-2021, 2023-2025
54%
181 César DF, MF 118 15 (11) 2001-2009
54%
382 César DF 37 2 (0) 2000-2002
54%
627 César MF 3 0 (0) 2009-2010
54%
401 Luiz Adriano MF, FW 33 4 (0) 2015-2017
54%
223 Paulo César DF, MF 100 8 (7) 2002-2003, 2005-2009
54%
32 Adriano DF, FW 274 82 (24) 2001-2011
53%
35 Adriano DF, MF 270 20 (24) 2004-2016
53%
383 Adriano DF 36 3 (4) 2004-2005, 2006-2008
53%
258 Antony MF, FW 79 10 (5) 2022-2025
53%
60 Andreas Pereira MF, FW 232 18 (29) 2014-2020, 2022-2025
51%
79 Felipe Melo DF, MF 209 21 (9) 2004-2010, 2015-2017
51%
332 Matheus Pereira MF, FW 53 14 (8) 2016-2017, 2018-2019, 2020-2021
51%
543 Fabiano Pereira MF 12 1 (0) 2003-2004
50%
51 Miranda DF 246 9 (6) 2005-2006, 2011-2019
50%
358 Paulo Miranda MF 42 2 (0) 2001-2002, 2003-2004
50%
109 Túlio de Melo FW 178 40 (7) 2005-2014
50%
387 Vitor Roque FW 36 6 (0) 2023-2025
50%
296 Waldir Lucas Pereira FW 63 16 (1) 2004-2006
50%
261 Alex Telles DF 78 0 (9) 2015-2016, 2020-2023
49%
444 Arthur DF 24 0 (3) 2023-2025
49%
57 Diego MF 237 66 (55) 2006-2014
49%
244 Diego DF, MF 90 12 (12) 2012-2016
49%
18 Allan DF, MF 314 12 (35) 2012-2022
48%
483 Allan MF 19 0 (0) 2016-2017, 2018-2019
48%
346 Robert FW 48 16 (4) 2005-2007
48%
580 Thiago MF, FW 8 0 (0) 2024-2025
48%
27 Willian José FW 284 82 (26) 2013-2014, 2015-2024
48%
158 Alexandre Pato MF, FW 133 54 (13) 2007-2012, 2015-2017
46%
221 Carlos Augusto DF 100 9 (10) 2022-2025
46%
498 César Cervo Luca DF 17 1 (0) 2003-2004, 2006-2007, 2008-2009
46%
208 Eduardo dos Santos FW 106 20 (8) 2009-2014
46%
596 Filipe Augusto MF 6 0 (0) 2014-2015
46%
37 Gabriel Paulista DF 270 9 (4) 2013-2024
46%
362 Juninho Paulista MF 41 11 (5) 2002-2004
46%
621 Messias Conceição Dos Santos MF 4 0 (0) 2002-2003
46%
220 Renato Augusto MF 101 8 (9) 2008-2013
46%
455 André Santos DF, MF 23 2 (0) 2011-2013
45%
571 Kauã Santos GK 9 0 (0) 2024-2025
45%
241 Roque Júnior DF 92 0 (0) 2000-2008
45%
417 Aderlan Santos DF 29 0 (0) 2015-2017
44%
292 Álvaro Santos FW 64 13 (4) 2006-2009
44%
351 Andrey Santos MF 44 11 (3) 2023-2025
44%
252 Cícero Santos MF 84 11 (8) 2008-2011
44%
338 Douglas Santos DF, MF 50 1 (1) 2013-2014, 2016-2018
44%
669 Éverton Santos MF, FW 1 0 (0) 2007-2008
44%
123 Fábio DF, FW 165 1 (5) 2009-2013, 2016-2017, 2018-2023
44%
465 Fábio Santos MF 22 1 (0) 2006-2009
44%
608 Fábio Santos DF 5 1 (0) 2007-2008
44%
446 Fernando Santos DF 24 0 (0) 2003-2004, 2007-2008
44%
368 Gleison Santos DF 40 0 (0) 2007-2009
44%
447 Guilherme Santos DF, MF 24 1 (0) 2007-2010
44%
284 Jean Lucas MF, FW 69 2 (3) 2019-2023
44%
425 Lucas DF 28 1 (0) 2023-2024
44%
77 Rafael DF, MF 212 7 (18) 2008-2020
44%
203 Rafael GK 109 0 (1) 2013-2017, 2019-2021
44%
610 Rafael DF 5 0 (0) 2002-2003
44%
656 Rafael Santos DF 2 0 (0) 2009-2010
44%
125 Samir Santos DF 163 7 (3) 2015-2022
44%
398 Bruno Henrique MF 33 1 (3) 2016-2017
43%
528 Bruno Henrique MF, FW 14 0 (1) 2015-2017
43%
329 Douglas MF 53 4 (2) 2023-2025
43%
445 Douglas DF 24 3 (0) 2014-2017
43%
164 Dalbert Henrique DF, MF 129 0 (11) 2016-2022
41%
254 João Gomes MF 81 6 (2) 2022-2025
41%
279 Pedro Henrique MF, FW 70 5 (6) 2014-2017
41%
268 Angelo da Costa Júnior GK 75 0 (0) 2010-2011, 2012-2013, 2015-2017, 2019-2021
40%
491 Eduardo Henrique MF 18 1 (0) 2020-2021
40%
512 Fábio Júnior FW 16 2 (2) 2006-2007
40%
134 Grafite FW 158 76 (17) 2005-2011
40%
131 Henrique DF 159 10 (2) 2005-2014
40%
209 Henrique DF 106 4 (2) 2008-2010, 2013-2015
40%
361 Henrique DF, FW 41 1 (2) 2021-2025
40%
87 Heurelho Gomes GK 204 0 (0) 2008-2010, 2012-2013, 2015-2018
40%
44 Juan DF 256 19 (8) 2002-2012
40%
222 Júnior DF, MF 100 3 (12) 2000-2004
40%
424 Júnior MF 28 4 (0) 2001-2003
40%
248 Luis Henrique DF, MF, FW 87 8 (13) 2020-2021, 2023-2025
40%
347 Luiz Henrique FW 47 1 (6) 2022-2024
40%
503 Luiz Lúcio Reis Júnior GK 17 0 (0) 2024-2025
40%
226 Malcom MF, FW 99 21 (14) 2015-2019
40%
250 Matheus Henrique MF 86 6 (4) 2021-2024
40%
668 Diogo Campos Gomes FW 1 0 (0) 2012-2013
39%
615 Filipe Gomes MF 4 0 (0) 2008-2009
39%
168 Giovane Élber FW 128 65 (18) 2000-2006
39%
50 Juninho Pernambucano MF 248 74 (62) 2001-2009
39%
173 Renan Lodi DF, FW 126 4 (7) 2019-2024
38%
46 Edu MF, FW 252 61 (26) 2000-2009
36%
231 Edu FW 96 10 (5) 2003-2004, 2006-2007, 2009-2013
36%
367 Gil DF 40 2 (0) 2011-2013
36%
485 Gil FW 19 0 (2) 2006-2007
36%
99 Hernanes MF 184 42 (23) 2010-2017
36%
25 Raffael MF, FW 290 83 (45) 2007-2009, 2011-2020
36%
272 Bernard MF, FW 73 5 (5) 2018-2021
35%
282 Cléber Santana MF 69 6 (1) 2007-2010
35%
180 Felipe Santana DF 119 7 (1) 2008-2015
35%
91 Gabriel Magalhães DF 200 19 (1) 2016-2025
35%
205 Gilberto DF, MF 108 15 (10) 2004-2009
35%
557 Gilberto DF, MF 10 0 (0) 2015-2016
35%
397 André MF 33 0 (0) 2024-2025
33%
575 André FW 8 0 (0) 2010-2011
33%
647 Carlos Alberto MF 2 0 (0) 2007-2008
33%
128 Luís Fabiano FW 160 72 (14) 2000-2001, 2005-2011
33%
242 Marcos André MF, FW 91 7 (6) 2020-2022, 2024-2025
33%
385 Paulo André DF 36 2 (0) 2006-2007, 2008-2009
33%
97 Sávio MF 187 31 (31) 2000-2008
33%
291 Sávio MF, FW 66 10 (18) 2023-2025
33%
280 Vinicius Souza MF 70 2 (1) 2022-2024
33%
98 Wendell DF 186 7 (10) 2014-2021
33%
438 Wesley MF 26 2 (2) 2010-2012
33%
567 Wesley MF, FW 10 1 (0) 2005-2006
33%
533 Cauly Oliveira Souza MF, FW 13 2 (0) 2019-2020
31%
423 David Neres MF, FW 28 2 (4) 2024-2025
31%
39 Dedê DF 269 11 (32) 2000-2011
31%
522 Evaldo Fabiano DF 15 0 (1) 2012-2013
31%
300 Fabiano DF, MF 62 1 (1) 2008-2009, 2010-2011
31%
389 Fabiano DF 35 0 (3) 2003-2004, 2007-2008
31%
634 Lucas Souza MF 3 0 (0) 2014-2015
31%
251 Luiz Alberto DF 85 6 (0) 2000-2001, 2004-2005
31%
480 Maicon Souza MF 20 1 (1) 2007-2008
31%
189 Rodrigo MF 116 1 (4) 2003-2005, 2007-2008
31%
547 Souza DF, MF 12 0 (0) 2007-2008
31%
257 Yan Couto DF, MF, FW 80 2 (10) 2022-2025
31%
78 Edmílson DF, MF 210 4 (7) 2000-2011
30%
286 Murillo DF 68 2 (2) 2023-2025
30%
298 Elano MF 62 14 (12) 2007-2009
29%
635 Matheus Fernandes MF, FW 3 0 (0) 2019-2020
29%
191 Márcio Amoroso FW 115 41 (15) 2000-2006
28%
156 Tuta DF, MF 136 9 (4) 2020-2025
28%
355 Alex Dias FW 42 16 (3) 2000-2002
26%
199 André Dias DF 111 5 (1) 2009-2014
26%
311 Carlos Eduardo MF, FW 58 13 (13) 2008-2010
26%
411 Carlos Eduardo MF 30 10 (4) 2014-2015
26%
218 Evanílson DF, FW 101 4 (11) 2000-2006
26%
408 Evanilson FW 31 10 (1) 2024-2025
26%
458 Kléber DF 23 1 (3) 2003-2004
26%
340 Paulo Sérgio MF, FW 49 8 (4) 2000-2002
26%
145 Ricardo Oliveira FW 146 60 (12) 2003-2009
26%
489 Zé Eduardo MF 19 1 (1) 2010-2011, 2014-2015
26%
507 Zé Eduardo FW 17 1 (0) 2011-2013
26%
315 Eduardo MF, FW 57 8 (0) 2003-2005
25%
148 Igor DF 141 0 (1) 2019-2025
25%
195 Otávio MF 113 3 (5) 2017-2022
25%
305 Paulo Otávio DF, MF 60 0 (9) 2019-2023
25%
288 Reinier MF, FW 67 5 (4) 2020-2024
25%
1 Vitorino Hilton DF 512 20 (11) 2003-2021
25%
573 Wallace Oliveira DF 9 0 (0) 2013-2014, 2015-2016
25%
72 Weligton Oliveira DF 217 9 (4) 2008-2017
25%
604 Ailton DF, MF 5 0 (0) 2017-2018
24%
130 Bruno Peres DF, MF 159 11 (13) 2014-2017, 2019-2021
24%
165 Denílson MF 129 10 (20) 2001-2006
24%
230 Denílson MF 96 7 (10) 2006-2011
24%
266 Dodô DF 76 1 (7) 2022-2025
24%
271 Dodô DF 74 0 (2) 2012-2017
24%
477 José Kléberson MF 20 2 (4) 2003-2005
24%
124 Josué MF 164 2 (4) 2007-2013
24%
63 Júlio Baptista MF, FW 231 77 (11) 2003-2013
24%
313 Júlio Sérgio GK 58 0 (0) 2009-2012
24%
402 Marcos FW 33 3 (2) 2012-2013
24%
105 Thiago Mendes DF, MF 180 5 (18) 2017-2023
24%
260 William DF, FW 79 3 (4) 2017-2021
24%
159 Bernardo DF, MF 133 2 (3) 2016-2020, 2023-2025
23%
100 Juliano Belletti DF, MF 184 11 (14) 2002-2010
23%
379 Lucas Beraldo DF 38 2 (0) 2023-2025
23%
133 Serginho DF, MF 159 17 (23) 2000-2008
23%
548 Vágner Love FW 12 4 (0) 2015-2016
23%
488 Wellington FW 19 3 (0) 2008-2010
23%
501 Felipe Aliste Lopes DF 17 0 (0) 2011-2013
21%
570 Gabriel Barbosa MF, FW 9 1 (0) 2016-2017
21%
629 Gustavo Nunes MF, FW 3 0 (0) 2024-2025
21%
187 Kenedy DF, MF, FW 116 9 (11) 2015-2022, 2024-2025
21%
531 Marcos Paulo MF 14 1 (2) 2001-2002
21%
680 Marcos Paulo MF 1 0 (0) 2008-2009
21%
309 Roger MF 59 2 (1) 2015-2017
21%
216 Samuel Lino DF, MF, FW 103 13 (10) 2022-2025
21%
602 Thiago Neves MF 6 0 (1) 2008-2009
21%
494 Vânder MF 18 0 (1) 2000-2002
21%
339 João Victor DF, MF 50 0 (1) 2010-2013
20%
535 João Victor DF 13 0 (1) 2022-2023
20%
179 Junior Messias DF, MF, FW 122 21 (9) 2020-2025
20%
26 Nenê MF, FW 289 78 (60) 2003-2004, 2005-2012, 2014-2015
20%
162 Nenê FW 132 23 (7) 2009-2015
20%
565 Nenê DF 10 0 (0) 2002-2003
20%
83 Sylvinho DF 207 5 (17) 2000-2010
20%
229 Vanderson DF, MF, FW 97 7 (9) 2021-2025
20%
454 William Matheus DF 24 0 (2) 2014-2016
20%
297 Danilo Barbosa DF, MF 62 0 (0) 2015-2016, 2018-2022
19%
138 Doni GK 153 0 (0) 2005-2012
19%
33 Marcelo Bordon DF 274 24 (12) 2000-2010
19%
69 Michel Bastos DF, MF 225 56 (25) 2006-2014
19%
127 Rogério DF, MF 161 3 (8) 2017-2024
19%
112 Zé Maria DF 175 17 (28) 2000-2007
19%
321 Ronny DF, MF 57 7 (7) 2011-2012, 2013-2016
18%
76 Walace MF 213 6 (4) 2016-2024
18%
605 Cláudio Taffarel GK 5 0 (0) 2001-2002
16%
67 Cris DF 227 20 (2) 2002-2003, 2004-2013
16%
650 Dionatan Teixeira DF 2 0 (0) 2014-2016
16%
75 Ewerthon FW 213 69 (23) 2001-2007, 2009-2010
16%
154 Lincoln MF 136 32 (34) 2001-2007
16%
515 Marcos Antônio MF 16 1 (1) 2022-2023
16%
551 Marcos Antônio DF 11 0 (0) 2007-2008, 2012-2013
16%
645 Cacá FW 2 0 (0) 2003-2004
15%
307 Danilo Soares DF 59 0 (1) 2015-2016, 2021-2024
15%
433 Fagner DF 26 0 (1) 2012-2013
15%
202 Gerson MF, FW 109 16 (8) 2016-2018, 2021-2023
15%
381 Lucas Piazon MF, FW 38 2 (3) 2012-2013, 2014-2015, 2018-2019
15%
436 Luizão FW 26 4 (5) 2002-2004
15%
328 Renan Brito Soares GK 54 0 (0) 2008-2010
15%
578 Roberto Sousa DF, MF 8 0 (0) 2005-2006
15%
443 Wesley Moraes FW 25 5 (1) 2019-2022
15%
555 Anselmo de Moraes MF 10 1 (0) 2012-2013
14%
541 Artur Moraes GK 12 0 (0) 2008-2010
14%
201 Caiuby MF, FW 109 12 (13) 2008-2009, 2014-2019
14%
236 Cicinho DF 94 5 (8) 2005-2012
14%
427 Cicinho DF 27 1 (1) 2012-2013
14%
102 Fábio Aurélio DF, MF 182 14 (17) 2000-2012
14%
178 Hernani MF, FW 122 13 (10) 2017-2018, 2019-2021, 2024-2025
14%
560 Jorge Wagner MF 10 0 (0) 2006-2007
14%
58 Luciano MF 237 11 (25) 2001-2006, 2008-2013
14%
441 Luciano MF, FW 25 4 (2) 2016-2017
14%
23 Maicon Sisenando DF 302 25 (47) 2004-2016
14%
564 Mário Jardel FW 10 0 (0) 2003-2004
14%
183 Marlon DF 118 1 (0) 2016-2020, 2022-2023
14%
577 Matheus Carvalho FW 8 1 (1) 2014-2015
14%
314 Piá MF, FW 58 5 (4) 2001-2002, 2004-2005, 2007-2010
14%
525 Roger Carvalho DF 15 0 (0) 2011-2013
14%
228 Tinga MF 98 9 (10) 2006-2010
14%
356 Arthur Cabral FW 42 10 (3) 2021-2023
13%
275 França FW 71 21 (14) 2002-2005
13%
197 Guilherme MF, FW 112 4 (6) 2014-2018
13%
219 Iago DF, MF 101 5 (10) 2019-2024
13%
545 Luis Guilherme MF, FW 12 0 (0) 2024-2025
13%
96 Mancini MF, FW 189 40 (31) 2003-2011
13%
493 Marco Aurélio DF 18 0 (0) 2000-2001
13%
113 Mariano DF, MF 174 2 (13) 2011-2017
13%
532 Matheus França MF, FW 14 1 (1) 2023-2025
13%
350 Natan DF 45 1 (1) 2023-2025
13%
88 Renato MF 204 26 (14) 2004-2011
13%
320 Rodrigo Muniz FW 57 17 (2) 2023-2025
13%
689 Vitor Reis DF 1 0 (0) 2024-2025
13%
255 Alexsandro Ribeiro DF 80 4 (1) 2022-2025
11%
217 Ângelo DF, MF 101 1 (4) 2004-2005, 2008-2009, 2010-2013
11%
468 Ângelo MF, FW 21 0 (3) 2023-2024
11%
117 Brandão FW 171 36 (16) 2008-2016
11%
160 Chris DF, MF 133 10 (8) 2003-2004, 2005-2012
11%
413 Ganso MF, FW 30 4 (3) 2016-2019
11%
435 Júnior Caiçara DF 26 0 (3) 2015-2017
11%
440 Léo Scienza MF, FW 25 3 (3) 2024-2025
11%
654 Lucas Ribeiro MF 2 1 (0) 2019-2020
11%
186 Nilmar FW 117 27 (8) 2004-2005, 2009-2012
11%
395 Rafael Cabral GK 34 0 (0) 2013-2014, 2016-2017, 2018-2019
11%
207 Roger Ibanez DF 107 6 (2) 2018-2023
11%
277 Thiago Ribeiro FW 71 6 (2) 2004-2005, 2011-2013
11%
239 Wallace DF 94 2 (0) 2014-2019
11%
554 Anderson Lima DF, MF 10 0 (0) 2019-2020, 2021-2022
10%
510 André Lima FW 16 2 (0) 2007-2008
10%
518 André Luís Garcia DF 15 0 (0) 2005-2006
10%
422 Breno Borges DF 28 0 (0) 2007-2011
10%
649 Deivid Washington DF, FW 2 0 (0) 2023-2024
10%
614 Élton Giovanni MF 4 0 (0) 2005-2006
10%
185 Francisco Lima MF 117 0 (11) 2000-2004
10%
175 Jemerson DF, MF 124 4 (1) 2015-2019, 2021-2022
10%
194 Jonas FW 113 36 (12) 2010-2014
10%
449 Jorge DF 24 2 (2) 2016-2018
10%
419 Kaio Jorge MF, FW 29 3 (0) 2021-2022, 2023-2024
10%
225 Leandro Castán DF 99 1 (1) 2012-2018
10%
562 Lima DF 10 0 (0) 2007-2009
10%
213 Lucas Lima DF, FW 105 3 (9) 2016-2020
10%
290 Maicosuel MF 66 6 (7) 2009-2010, 2012-2014
10%
452 Marcão DF 24 0 (0) 2022-2025
10%
487 Marcão FW 19 2 (1) 2001-2002
10%
302 Márcio Borges DF 61 2 (1) 2002-2003, 2004-2007
10%
303 Neto Borges DF, MF 61 3 (2) 2022-2024
10%
144 Pedro Geromel DF 146 5 (1) 2008-2013
10%
636 Pedro Lima DF 3 0 (0) 2024-2025
10%
461 Renan Garcia MF 23 2 (2) 2012-2014
10%
34 Rodrigo Taddei DF, FW 272 36 (27) 2003-2014
10%
663 Adi Rocha FW 1 0 (0) 2008-2009
9%
342 Aldair DF 48 0 (1) 2000-2003
9%
240 André Luiz Moreira DF, MF 92 9 (15) 2001-2002, 2004-2006
9%
664 Bruno Lança Andrade MF 1 0 (0) 2005-2006
9%
366 Cléber DF 40 2 (0) 2014-2017
9%
628 Elinton Andrade GK 3 0 (0) 2009-2010
9%
675 Jean Carlos Silva Rocha MF, FW 1 0 (0) 2016-2017
9%
316 Jonathan Moreira DF 57 4 (6) 2011-2015
9%
460 Leonardo Araújo DF, MF 23 3 (1) 2000-2001, 2002-2003
9%
400 Lucas Perri GK 33 0 (0) 2024-2025
9%
206 Luiz Araújo MF, FW 108 14 (8) 2017-2021
9%
352 Mineiro MF 44 2 (0) 2006-2010
9%
682 Nathan MF, FW 1 0 (0) 2017-2018
9%
374 Nícolas Andrade GK 39 0 (0) 2013-2014, 2017-2018, 2020-2021
9%
539 Rafael Martins FW 13 1 (0) 2014-2015
9%
249 Rubinho GK 87 0 (0) 2007-2009, 2012-2013, 2016-2017
9%
659 Samuel DF 2 0 (0) 2001-2002
9%
377 Tetê MF, FW 39 9 (7) 2021-2023
9%
246 Vágner MF 89 6 (1) 2000-2004
9%
603 Vinícius Araújo FW 6 0 (1) 2013-2014
9%
267 Adaílton FW 75 17 (10) 2000-2001, 2008-2010
8%
353 Adaílton DF 42 0 (4) 2004-2006
8%
508 Adaílton DF 16 0 (1) 2005-2006
8%
107 Aílton Gonçalves FW 178 92 (26) 2000-2005, 2007-2008
8%
95 Álvaro DF 192 16 (5) 2000-2001, 2003-2008
8%
364 André Ramalho DF 40 0 (0) 2015-2018
8%
432 Arthur Chaves DF 26 1 (0) 2024-2025
8%
497 Brenner MF, FW 17 1 (2) 2023-2025
8%
104 Demetrius Ferreira DF 180 6 (5) 2000-2007
8%
193 Fábio Rochemback DF, MF 113 8 (15) 2001-2002, 2005-2008
8%
54 Fábio Simplício MF 242 40 (23) 2004-2012
8%
671 Fernando de Abreu Ferreira DF 1 0 (0) 2006-2007
8%
561 Keirrison FW 10 2 (1) 2009-2010
8%
544 Leandro MF 12 2 (0) 2002-2004
8%
137 Reginaldo FW 154 19 (14) 2005-2007, 2009-2010, 2011-2013
8%
171 Rodrigo Becão DF 127 6 (3) 2019-2023
8%
579 Rômulo FW 8 0 (0) 2005-2006
8%
310 Ruan DF 59 0 (0) 2021-2024
8%
687 Tom DF 1 0 (0) 2011-2012
8%
581 Vampeta MF 8 1 (0) 2000-2001
8%
509 Anderson Conceição DF 16 0 (0) 2012-2013
6%
140 Caçapa DF, MF 150 8 (2) 2000-2009
6%
667 Digão DF 1 0 (0) 2007-2008
6%
8 Felipe dal Belo DF 376 14 (6) 2002-2020
6%
586 Fellipe Jack DF 7 0 (0) 2024-2025
6%
308 Flávio Conceição MF 59 2 (2) 2000-2004
6%
177 Gabriel Strefezza DF, MF, FW 123 16 (10) 2019-2020, 2022-2025
6%
212 Geovanni MF, FW 105 15 (4) 2001-2002, 2007-2010
6%
598 Gustavo Scarpa MF, FW 6 0 (0) 2022-2023
6%
673 Jadson MF 1 0 (0) 2013-2014
6%
198 Jonathas FW 112 30 (13) 2010-2011, 2012-2013, 2014-2015, 2017-2019
6%
56 Léo Baptistão MF, FW 238 45 (22) 2012-2018, 2022-2024
6%
590 Léo Duarte DF 7 0 (0) 2019-2021
6%
530 Luan MF, FW 14 1 (1) 2009-2010
6%
234 Lyanco DF 95 2 (1) 2017-2023
6%
70 Marcelinho Paraíba MF, FW 224 79 (59) 2000-2008
6%
370 Maurício DF, MF 40 0 (0) 2014-2015, 2017-2018
6%
404 Vitinho DF, MF 32 0 (2) 2023-2024
6%
324 Abner DF 55 1 (2) 2022-2025
5%
12 Danilo Larangeira DF 344 12 (3) 2011-2021
5%
456 Deivid FW 23 3 (2) 2003-2004
5%
337 Djalminha MF, FW 50 12 (8) 2000-2001, 2003-2004
5%
499 Edmundo MF, FW 17 4 (0) 2000-2001
5%
166 Edu Gaspar MF 129 9 (7) 2000-2009
5%
521 Elías MF 15 2 (0) 2010-2011
5%
215 Fernando Marçal DF, MF 104 0 (10) 2016-2022
5%
172 Ferreira Pinto MF 126 12 (11) 2006-2009, 2011-2012
5%
147 Guilherme Siqueira DF, MF 143 13 (6) 2006-2007, 2009-2010, 2011-2012, 2014-2017
5%
369 Igor Carioca DF, MF 40 0 (0) 2021-2024
5%
429 Jailson Siqueira DF, MF 27 0 (1) 2023-2025
5%
617 Klauss MF, FW 4 0 (0) 2020-2021
5%
633 Leandro Damião FW 3 0 (0) 2015-2016
5%
572 Marcelinho Carioca MF 9 2 (1) 2004-2005
5%
170 Michel DF 128 3 (7) 2008-2010, 2014-2015, 2016-2018
5%
391 Rafael Marques DF 35 0 (0) 2013-2015
5%
184 Rodrigo Ely DF 118 5 (1) 2015-2020, 2022-2023
5%
111 Sidnei DF 176 4 (3) 2013-2021
5%
341 Vitor Hugo DF 49 1 (2) 2017-2019
5%
481 Wanderson MF, FW 20 0 (0) 2015-2016
5%
396 Amaral MF 33 0 (0) 2000-2002
4%
262 Anderson Bamba DF 78 1 (4) 2010-2011, 2012-2015
4%
388 Athirson DF, MF 35 2 (4) 2000-2001, 2005-2007
4%
149 Ceará DF 140 2 (5) 2007-2012
4%
81 Charles FW 208 58 (12) 2013-2020
4%
214 Danilo Avelar DF, MF 104 5 (9) 2010-2011, 2012-2018
4%
211 Deyverson FW 105 18 (6) 2014-2016, 2019-2021
4%
118 Diego Farias MF, FW 171 27 (15) 2013-2014, 2016-2022
4%
542 Diego Tardelli MF, FW 12 0 (2) 2005-2006
4%
274 Emerson Thome DF 71 2 (1) 2000-2004
4%
299 Everson MF 62 11 (5) 2002-2004
4%
492 Ewerton DF 18 0 (0) 2018-2019
4%
264 Fernandão FW 77 9 (5) 2001-2004
4%
334 Gláuber DF 52 0 (1) 2005-2009
4%
599 Henrique Almeida MF, FW 6 0 (0) 2011-2012
4%
486 Jeffinho MF, FW 19 2 (1) 2022-2024
4%
632 Júnior Tavares DF, MF 3 0 (0) 2018-2019
4%
472 Leandro Amaral FW 21 5 (3) 2000-2001, 2004-2005
4%
344 Marcelo de Faria MF, FW 48 5 (1) 2004-2006
4%
121 Marcos Assunção MF 169 31 (26) 2000-2007
4%
473 Marcos de Paula FW 21 2 (0) 2002-2003, 2009-2011
4%
546 Matheus Vivian DF 12 0 (0) 2007-2008, 2013-2014
4%
437 Morato DF 26 0 (0) 2024-2025
4%
210 Paulo Assunção MF 106 1 (0) 2008-2013
4%
188 Robson Ponte MF, FW 116 17 (28) 2000-2005
4%
304 Thiago Maia DF, MF 61 0 (1) 2017-2020
4%
386 Thiago Xavier MF, FW 36 2 (0) 2012-2013, 2015-2016
4%
566 Welington DF 10 0 (0) 2024-2025
4%
690 Welliton FW 1 0 (0) 2013-2014
4%
293 Aloísio FW 63 16 (5) 2000-2003
3%
519 Andrezinho DF 15 0 (0) 2010-2012
3%
556 César Sampaio MF 10 0 (1) 2000-2001
3%
582 Daniel Fuzato GK 7 0 (0) 2019-2020, 2023-2024
3%
392 Dória DF 34 1 (0) 2015-2018
3%
192 Doriva MF 113 1 (2) 2000-2006
3%
534 Dyego Coelho DF 13 0 (0) 2008-2009
3%
529 Edinho Campos MF 14 0 (0) 2008-2009
3%
587 Gustavo Nery DF 7 0 (0) 2004-2005, 2006-2007
3%
48 Ilan FW 250 63 (14) 2004-2009, 2011-2014
3%
283 Ismaily DF 69 3 (3) 2022-2025
3%
287 Jubal DF 67 9 (1) 2022-2023, 2024-2025
3%
42 Jussiê MF, FW 266 45 (13) 2004-2013, 2015-2016
3%
589 Léo Bonatini MF, FW 7 0 (1) 2018-2019
3%
52 Matuzalém MF 245 11 (20) 2000-2003, 2007-2013, 2015-2016
3%
238 Pablo DF 94 7 (4) 2015-2016, 2017-2021
3%
538 Pablo DF, FW 13 0 (0) 2008-2009
3%
409 Paulo Azzi DF, MF 31 0 (0) 2023-2025
3%
155 Paulo Vitor Barreto FW 136 29 (13) 2005-2006, 2009-2015
3%
420 Pinga MF 29 3 (3) 2001-2002, 2005-2006
3%
318 Rafael Sóbis MF, FW 57 8 (1) 2006-2008
3%
295 Reinaldo FW 63 10 (7) 2003-2005
3%
319 Rodnei DF 57 3 (1) 2008-2009, 2010-2012
3%
661 Vivaldo Nascimento DF 2 0 (0) 2003-2004
3%
611 Willians MF 5 0 (0) 2012-2013
3%
549 Adeílson FW 11 0 (0) 2008-2009, 2010-2011
1%
527 Adriano Gabiru MF 14 3 (1) 2000-2001
1%
626 Adryelson DF, FW 3 0 (0) 2023-2025
1%
142 Alberto Valentim DF, MF 148 3 (8) 2000-2008
1%
592 Alcides DF 6 0 (0) 2003-2004
1%
110 Andrei Girotto DF, MF 176 12 (4) 2017-2023
1%
569 Baiano DF, MF 9 0 (1) 2000-2001
1%
322 Bolívar DF 56 0 (0) 2006-2008
1%
644 Bruno Nazário MF, FW 2 0 (0) 2013-2014
1%
666 Bruno Uvini DF 1 0 (0) 2013-2014
1%
594 Caio Rangel MF, FW 6 0 (0) 2014-2015
1%
161 Carlão DF, MF, FW 132 2 (1) 2008-2013, 2016-2017
1%
384 César Prates DF, MF 36 0 (3) 2005-2007
1%
357 Christian FW 42 6 (1) 2000-2002
1%
612 Douglão DF 4 0 (0) 2008-2009
1%
269 Edenílson MF, FW 75 0 (7) 2014-2017
1%
585 Edson Ratinho DF, MF 7 0 (0) 2010-2011
1%
359 Élson MF 41 5 (3) 2004-2005, 2008-2011
1%
86 Emílson Cribari DF 205 2 (3) 2002-2011
1%
412 Fabiano Eller DF 30 1 (0) 2006-2008
1%
325 Fábio Bilica DF 55 1 (1) 2001-2004
1%
595 Fabrício DF 6 0 (0) 2008-2009
1%
393 Felipe Mattioni DF 34 1 (0) 2008-2009, 2012-2015
1%
167 Fernando Baiano FW 129 54 (11) 2003-2008
1%
73 Fernando Menegazzo MF 214 21 (6) 2003-2011
1%
373 Franklin FW 39 5 (2) 2000-2003
1%
597 Gabriel Moscardo DF, MF 6 0 (0) 2024-2025
1%
335 Gláucio MF 51 2 (3) 2000-2002
1%
558 Gledson DF 10 0 (0) 2007-2008
1%
513 Guilherme Arana DF 16 0 (0) 2017-2020
1%
360 Guly do Prado MF, FW 41 0 (2) 2003-2004, 2012-2014
1%
559 Ibson MF 10 0 (0) 2013-2014
1%
652 Jajá FW 2 0 (0) 2005-2006
1%
143 Jeda FW 148 31 (9) 2000-2001, 2007-2012
1%
631 Johnathan FW 3 0 (0) 2010-2011
1%
169 Juárez DF 128 0 (1) 2000-2006
1%
331 Kahê FW 53 6 (3) 2005-2007
1%
616 Kerlon MF, FW 4 0 (0) 2008-2009
1%
380 Lucas Oliveira Rosa DF 38 0 (2) 2022-2023, 2024-2025
1%
474 Marcus Diniz DF 21 0 (0) 2009-2010
1%
681 Maurides FW 1 0 (0) 2024-2025
1%
174 Mozart MF 125 7 (3) 2000-2001, 2002-2004, 2009-2010
1%
622 Neuton DF 4 0 (0) 2011-2012
1%
442 Pedro Botelho DF, MF 25 1 (2) 2011-2012
1%
504 Pena FW 17 1 (1) 2002-2003
1%
376 Ratinho MF 39 1 (3) 2000-2003
1%
524 Robson Bambu DF 15 0 (0) 2020-2021
1%
657 Rodrigo Alvim DF 2 0 (0) 2008-2009
1%
658 Rodrigo Defendi DF 2 0 (0) 2005-2006
1%
517 Rodrigo Fabri MF 16 0 (3) 2003-2004
1%
243 Ryder Matos MF, FW 91 2 (2) 2013-2017, 2020-2021
1%
410 Thiago Galhardo MF, FW 31 2 (2) 2021-2022
1%
640 Wilson FW 3 0 (0) 2007-2008
1%
662 Abuda FW 1 0 (0) 2005-2006
0%
371 Adhemar FW 39 9 (4) 2000-2002
0%
431 Adriano Rossato DF 26 1 (3) 2004-2005, 2006-2007, 2008-2009
0%
406 Adryan MF, FW 31 3 (2) 2013-2014, 2015-2016
0%
574 Adson MF, FW 8 0 (0) 2023-2024
0%
495 Alan Empereur DF 17 0 (0) 2019-2021
0%
643 Argel Fucks DF 2 0 (0) 2004-2005
0%
593 Arthuro FW 6 0 (0) 2005-2006
0%
568 Assis MF 9 0 (0) 2001-2002
0%
421 Babù MF, FW 28 4 (5) 2004-2005, 2007-2008
0%
511 Betão DF 16 1 (1) 2012-2013
0%
665 Bruno Perone DF, MF 1 0 (0) 2011-2012
0%
646 Caetano Calil MF, FW 2 0 (0) 2007-2008
0%
648 Charlys MF 2 0 (0) 2023-2024
0%
484 Claiton DF 19 0 (0) 2000-2001, 2013-2014, 2016-2017
0%
476 Cristiano Brasília MF, FW 20 1 (0) 2001-2002
0%
462 Danilo Sacramento MF 22 1 (0) 2007-2008
0%
583 Diego Morais DF 7 0 (0) 2007-2008
0%
606 Dill FW 5 0 (0) 2001-2002
0%
457 Dinei FW 23 0 (1) 2009-2010
0%
613 Douglas Packer MF 4 0 (0) 2005-2006, 2008-2009
0%
584 Douglas Rinaldi MF 7 1 (1) 2006-2007
0%
520 Dudu Cearense MF 15 0 (0) 2004-2005
0%
490 Edimar Fraga DF, MF 18 0 (0) 2014-2015
0%
464 Esquerdinha DF, MF 22 1 (1) 2001-2002
0%
500 Eugênio Rômulo Togni MF 17 2 (1) 2012-2013
0%
550 Evandro Goebel MF 11 0 (0) 2016-2017
0%
237 Everton Giovanella MF 94 2 (0) 2000-2003, 2005-2006
0%
607 Ewandro MF, FW 5 0 (0) 2016-2017
0%
670 Felipe Curcio DF 1 0 (0) 2019-2020
0%
439 Felipe Saad DF 25 0 (1) 2011-2012, 2014-2015
0%
609 Felipe Vizeu DF, FW 5 0 (0) 2018-2019
0%
434 Fransérgio MF, FW 26 0 (1) 2021-2022
0%
227 Fredson DF, MF 98 10 (5) 2002-2007
0%
326 Gabriel Boschilia MF, FW 55 10 (6) 2015-2020
0%
312 Géder DF 58 0 (0) 2007-2010
0%
651 George Lucas Coser DF 2 0 (0) 2006-2007
0%
523 Gustavo Campanharo MF 15 0 (0) 2014-2015
0%
428 Gustavo Lazzaretti DF 27 1 (0) 2004-2006
0%
414 Hélder Maurílio DF, MF 30 0 (1) 2008-2009, 2011-2013
0%
672 Higo Seara Santos de Oliveira MF 1 0 (0) 2003-2004
0%
139 Iriney MF 151 2 (2) 2002-2003, 2005-2008, 2011-2013
0%
674 Jandrei GK 1 0 (0) 2018-2019
0%
378 Jeovânio MF 38 0 (0) 2006-2009
0%
536 Joelson FW 13 1 (0) 2007-2008
0%
418 Jônatas Domingos MF 29 2 (1) 2006-2008
0%
677 Josias Basso DF 1 0 (0) 2008-2009
0%
450 Juca MF 24 3 (3) 2009-2011
0%
600 Julio César Pinheiro MF 6 0 (0) 2003-2004
0%
471 Kaiky DF 21 1 (0) 2022-2024
0%
678 Kayky Chagas DF, MF, FW 1 0 (0) 2021-2022
0%
270 Kim MF, FW 75 11 (1) 2005-2008
0%
399 Lázaro MF, FW 33 6 (0) 2022-2024
0%
479 Leandro Fonseca FW 20 2 (2) 2004-2005
0%
618 Leandro Sena MF 4 0 (1) 2000-2001
0%
459 Léo Jardim GK 23 0 (0) 2021-2023
0%
514 Léo Sena MF 16 0 (0) 2020-2021
0%
679 Luan Capanni FW 1 0 (0) 2018-2019
0%
394 Luan Peres Petroni DF 34 0 (2) 2021-2022
0%
451 Lucas Evangelista MF, FW 24 1 (1) 2014-2015, 2016-2017, 2018-2019
0%
653 Lucas Felippe DF, MF 2 0 (0) 2019-2020
0%
276 Lucas Severino FW 71 6 (5) 2000-2001, 2003-2004
0%
467 Macedo Novaes GK 22 0 (0) 2012-2014
0%
235 Magno Mocelin FW 95 14 (3) 2000-2003
0%
200 Marcelo Pletsch DF 110 4 (1) 2001-2006
0%
619 Massimo Zappino GK 4 0 (0) 2015-2016
0%
620 Mateus Lusuardi DF 4 0 (0) 2023-2024
0%
516 Matheus Thuler DF 16 0 (0) 2021-2022
0%
591 Mikael MF, FW 7 0 (0) 2021-2022
0%
375 Nivaldo DF 39 3 (0) 2007-2008, 2009-2010
0%
403 Orestes DF 32 3 (0) 2007-2008
0%
285 Paulão DF 69 3 (0) 2011-2014
0%
345 Paulo Jamelli FW 48 14 (6) 2000-2002
0%
601 Pedro Oldoni FW 6 1 (0) 2008-2009
0%
301 Petros MF 62 2 (3) 2015-2017
0%
416 Rafael Ratão MF, FW 30 5 (4) 2022-2023
0%
129 Rafael Schmitz DF 160 4 (2) 2001-2012
0%
306 Raphael Martinho MF 60 2 (2) 2010-2011, 2013-2014, 2015-2016
0%
552 Renato Bondi MF 11 0 (0) 2005-2006
0%
505 Ricardo Bóvio MF 17 1 (1) 2005-2006
0%
430 Rincón DF 27 0 (0) 2012-2013, 2015-2016
0%
624 Rodrigo Beckham MF 4 0 (0) 2002-2003
0%
625 Rodrigo Galatto GK 4 0 (0) 2010-2011
0%
637 Ronaldo Pompeu MF 3 0 (0) 2015-2016
0%
683 Ronaldo Vanin DF 1 0 (0) 2002-2003
0%
553 Rosinei MF 11 0 (0) 2007-2008
0%
426 Rovérsio DF 28 2 (0) 2008-2009, 2011-2012
0%
638 Ruan Levine MF, FW 3 0 (0) 2022-2023
0%
684 Schumacher FW 1 0 (0) 2006-2007
0%
685 Sidney DF 1 0 (0) 2006-2007
0%
660 Sidny DF 2 0 (0) 2007-2008
0%
253 Somália DF, MF, FW 84 1 (3) 2015-2018
0%
686 Thiago Carleto DF, MF 1 0 (0) 2008-2009
0%
639 Tigrão DF 3 0 (0) 2004-2005
0%
146 Vinícius Bergantin DF 144 9 (1) 2002-2009
0%
506 Wallyson Mallmann MF 17 0 (2) 2015-2016
0%
482 Warley FW 20 0 (1) 2001-2003
0%
526 Weldon FW 15 2 (0) 2005-2007
0%
136 Wendel Geraldo MF 156 34 (28) 2006-2011
0%
691 Wilker FW 1 0 (0) 2005-2006
0%
No matching quizzes found
Score Distribution
Percent of People with Each Score
Percentile by Number Answered
Your Score History
You have not taken this quiz